Технологические основы получения [omega]-дипиридил замещенных кислот для производства радиофармпрепаратов на основе технеция-99м: диссертация на соискание учёной степени кандидата химических наук; спец. 05.17.04

Dettagli Bibliografici
Autore principale: Подрезова Е. В. Екатерина Владимировна
Ente Autore: Национальный исследовательский Томский политехнический университет Исследовательская школа химических и биомедицинских технологий Научно-исследовательский центр "Онкотераностика"
Altri autori: Юсубов М. С. Мехман Сулейман-оглы (Сулейманович) (научный руководитель)
Riassunto:Заглавие с титульного экрана
Электронная версия печатной публикации
Защита сост. 02.06.2021 г.
Lingua:russo
Pubblicazione: Томск, 2021
Soggetti:
Accesso online:http://earchive.tpu.ru/handle/11683/65029
Natura: MixedMaterials Elettronico Libro
KOHA link:https://koha.lib.tpu.ru/cgi-bin/koha/opac-detail.pl?biblionumber=345817

MARC

LEADER 00000nam0a2200000 4500
001 345817
005 20251204143512.0
035 |a (RuTPU)RU\TPU\book\377670 
035 |a RU\TPU\book\377669 
090 |a 345817 
100 |a 20210330d2021 k y0rusy50 ca 
101 0 |a rus 
102 |a RU 
105 |a a m 000zy 
135 |a drcn ---uucaa 
181 0 |a i  
182 0 |a b 
200 1 |a Технологические основы получения [omega]-дипиридил замещенных кислот для производства радиофармпрепаратов на основе технеция-99м  |e диссертация на соискание учёной степени кандидата химических наук  |e спец. 05.17.04  |f Е. В. Подрезова  |g Национальный исследовательский Томский политехнический университет ; науч. рук. М. С. Юсубов 
203 |a Текст  |c электронный 
210 |a Томск  |d 2021 
215 |a 1 файл (6 305 КБ) 
300 |a Заглавие с титульного экрана 
300 |a Электронная версия печатной публикации 
300 |a Защита сост. 02.06.2021 г. 
338 |b Российский научный фонд  |d 16-13-10081 
606 1 |a Химико-фармацевтическое производство  |2 stltpush  |3 (RuTPU)RU\TPU\subj\68752  |9 83916 
606 1 |a Радионуклидная диагностика  |2 stltpush  |3 (RuTPU)RU\TPU\subj\80458  |9 88138 
610 1 |a электронный ресурс 
610 1 |a диссертации 
610 1 |a труды учёных ТПУ 
610 1 |a карбоновые кислоты 
610 1 |a радиофармпрепараты 
610 1 |a технеций-99м 
610 1 |a биомолекулы 
610 1 |a субстраты 
610 1 |a окислительное расщепление 
610 1 |a биологически активные соединения 
610 1 |a диагностика 
610 1 |a онкологические заболевания 
610 1 |a прекурсоры 
610 1 |a лиганды 
610 1 |a биомолекулы 
610 1 |a эфиры 
610 1 |a аналитические методы 
610 1 |a технологические основы 
675 |a 661.12(04)  |v 4 
675 |a 616-07(04)  |v 4 
686 |a 05.17.04  |2 oksvnk 
700 1 |a Подрезова  |b Е. В.  |c химик  |c научный сотрудник Томского политехнического университета, кандидат химических наук  |f 1992-  |g Екатерина Владимировна  |y Томск  |3 (RuTPU)RU\TPU\pers\36903  |9 19932 
702 1 |a Юсубов  |b М. С.  |c химик  |c профессор Томского политехнического университета, доктор химических наук  |f 1961-  |g Мехман Сулейман-оглы (Сулейманович)  |3 (RuTPU)RU\TPU\pers\28058  |4 727  |9 13020 
712 0 2 |a Национальный исследовательский Томский политехнический университет  |b Исследовательская школа химических и биомедицинских технологий  |b Научно-исследовательский центр "Онкотераностика"  |3 (RuTPU)RU\TPU\col\27561 
801 2 |a RU  |b 63413507  |c 20210402  |g RCR 
856 4 |u http://earchive.tpu.ru/handle/11683/65029  |z http://earchive.tpu.ru/handle/11683/65029 
942 |c CF